The Last Days of Pompeh / (Record no. 592975)
[ view plain ]
| 000 -LEADER | |
|---|---|
| fixed length control field | 00366nam a2200109 4500 |
| 082 ## - DEWEY DECIMAL CLASSIFICATION NUMBER | |
| Classification number | 808.83,THE |
| 100 ## - MAIN ENTRY--PERSONAL NAME | |
| Personal name | A.A.Dixon |
| 9 (RLIN) | 107463 |
| 245 ## - TITLE STATEMENT | |
| Title | The Last Days of Pompeh / |
| Statement of responsibility, etc. | A.A.Dixon |
| 260 ## - PUBLICATION, DISTRIBUTION, ETC. | |
| Linkage | London |
| Place of publication, distribution, etc. | Glasgow Collins,Clear type Press |
| 505 ## - FORMATTED CONTENTS NOTE | |
| Formatted contents note | Book I. (Page-9), Book II (Page-105), Book II (Page-183), Book IV (Page-283), Book V (Page-424). |
| 942 ## - ADDED ENTRY ELEMENTS (KOHA) | |
| Source of classification or shelving scheme | |
| Koha item type | Book |
| Withdrawn status | Lost status | Source of classification or shelving scheme | Damaged status | Not for loan | Permanent Location | Current Location | Shelving location | Date acquired | Total Checkouts | Full call number | Barcode | Date last seen | Price effective from | Koha item type | Public note |
|---|---|---|---|---|---|---|---|---|---|---|---|---|---|---|---|
| Military College of Signals (MCS) | Military College of Signals (MCS) | General Stacks | 01/23/2023 | 808.83,THE | MCS29829 | 01/23/2023 | 01/23/2023 | Book | Almirah No.57, Shelf No.2 |
